| 000 | 00584nam a22001817i 4500 | ||
|---|---|---|---|
| 001 | IT\ICCU\UBO\4032867 | ||
| 003 | ItRI | ||
| 005 | 20260115232437.0 | ||
| 008 | 130917q20002009ie |||||| ||||| |||||c | ||
| 040 |
_bita _cimportazione bologna sebina |
||
| 041 | 7 |
_aeng _2ISO-639-2 |
|
| 110 | 2 |
_a<<The >>Equality Authority _0IT\ICCU\UBOV\312590 |
|
| 245 | 0 | 0 |
_aImplementing equality for lesbians, gay and bisexuals / _c[Equality Authority]. |
| 260 |
_aDublin : _bEquality Authority, [200?] |
||
| 300 |
_axvi, 88 p. ; _c21x21 cm |
||
| 500 | _aTitolo della copertina. | ||
| 942 |
_2ddc _cBK _n0 |
||
| 999 |
_c21925 _d21925 |
||